[Event "II Festival Costa Viola A"]
[Site "Bagnara Calabra ITA"]
[Date "2009.01.05"]
[Round "5"]
[White "Marincolo, Piercarlo"]
[Black "Valotta, Massimiliano"]
[Result "1-0"]
[WhiteElo "1932"]
[BlackElo "1889"]
[PlyCount "115"]
[EventDate "2009.01.02"]

1. d4 e6 2. c4 c5 3. Nf3 cxd4 4. Nxd4 Nf6 5. g3 Nc6 6. Nc2 Bc5 7. Be3 b6 8. Bg2
Bb7 9. O-O O-O 10. Nc3 Bxe3 11. Nxe3 Na5 12. Bxb7 Nxb7 13. b3 Qe7 14. Qd4 d6
15. Rad1 Rfd8 16. Qh4 Rd7 17. Rd2 Rad8 18. Rfd1 Nc5 19. Nc2 Na6 20. Nd4 Nb8 21.
Nf3 d5 22. Ne5 Rc7 23. Nb5 Rcc8 24. Ng4 dxc4 25. Nxf6+ gxf6 26. Rxd8+ Rxd8 27.
Rxd8+ Qxd8 28. Qxc4 a6 29. Nd4 Qd6 30. e3 b5 31. Qc8+ Kg7 32. h4 Nd7 33. Qd8
Qd5 34. h5 Kh6 35. Qe7 e5 36. Nf5+ Kg5 37. Nd6 Nc5 38. Nxf7+ Kf5 39. Nd6+ Kg5
40. Qg7+ Kxh5 41. Qxh7+ Kg5 42. Qg7+ Kh5 43. Qxf6 Qe6 44. Qxe6 Nxe6 45. Nf7 e4
46. Nd6 Ng5 47. Ne8 a5 48. Nd6 a4 49. Nxb5 axb3 50. axb3 Nf3+ 51. Kg2 Kg4 52.
Nd6 Ne1+ 53. Kf1 Nd3 54. Nxe4 Kf5 55. Nd2 Ke5 56. g4 Nc1 57. f4+ Ke6 58. Kf2
1-0

[Event "II Festival Costa Viola A"]
[Site "Bagnara Calabra ITA"]
[Date "2009.01.05"]
[Round "5"]
[White "Naumkin, Igor"]
[Black "Marholev, Dimitar"]
[Result "1/2-1/2"]
[WhiteElo "2501"]
[BlackElo "2449"]
[PlyCount "20"]
[EventDate "2009.01.02"]

1. d4 Nf6 2. c4 c6 3. Nc3 d5 4. cxd5 cxd5 5. Nf3 Nc6 6. Bf4 Bf5 7. e3 e6 8. Bd3
Bxd3 9. Qxd3 Bd6 10. Bxd6 Qxd6 1/2-1/2

[Event "II Festival Costa Viola A"]
[Site "Bagnara Calabra ITA"]
[Date "2009.01.05"]
[Round "5"]
[White "Rotunno, Giuseppe"]
[Black "Rametta, Marcello"]
[Result "1/2-1/2"]
[WhiteElo "1949"]
[BlackElo "1717"]
[PlyCount "86"]
[EventDate "2009.01.02"]

1. d4 d5 2. Nf3 g6 3. b3 Bg7 4. Bb2 Nf6 5. e3 a6 6. c4 c6 7. Nbd2 O-O 8. Bd3
Nbd7 9. O-O b6 10. Rc1 Bb7 11. Re1 c5 12. cxd5 Nxd5 13. Nc4 Nb4 14. Bb1 b5 15.
Nce5 cxd4 16. exd4 Rc8 17. Rxc8 Qxc8 18. Qd2 Nxe5 19. Nxe5 Nd5 20. Rc1 Qe6 21.
Nd3 Qg4 22. h3 Qh5 23. Rc5 Bh6 24. Qe1 e6 25. Bc1 Qh4 26. Bxh6 Qxh6 27. Ne5 Qh4
28. Be4 Rd8 29. Nf3 Qe7 30. Qc1 f6 31. a4 bxa4 32. bxa4 Rd7 33. a5 Nc3 34. Bd3
Ne4 35. Rc2 Kg7 36. Qe3 Nd6 37. Qe2 Nf5 38. Rc1 Qa3 39. Rb1 Bxf3 40. Qxf3 Nxd4
41. Qe4 Qxa5 42. Qa8 Qd2 43. Bxa6 Ne2+ 1/2-1/2

[Event "II Festival Costa Viola A"]
[Site "Bagnara Calabra ITA"]
[Date "2009.01.05"]
[Round "6"]
[White "Marholev, Dimitar"]
[Black "Georgiev, Vladimir"]
[Result "1/2-1/2"]
[WhiteElo "2449"]
[BlackElo "2523"]
[PlyCount "65"]
[EventDate "2009.01.02"]

1. e4 c5 2. Nc3 g6 3. g3 Bg7 4. Bg2 Nc6 5. Nge2 Rb8 6. a4 a6 7. O-O e6 8. d3
Nge7 9. Be3 Nd4 10. Qd2 O-O 11. f4 d5 12. Bf2 Nxe2+ 13. Qxe2 d4 14. Nb1 e5 15.
Nd2 Qc7 16. Nc4 Nc6 17. Be1 b5 18. axb5 axb5 19. Nxe5 Nxe5 20. fxe5 Be6 21. Bd2
Bxe5 22. Bh6 Rfc8 23. Bf3 Qd7 24. Bf4 Bxf4 25. gxf4 c4 26. Kh1 Rc5 27. Rg1 Qc7
28. f5 cxd3 29. Qxd3 Rxc2 30. Bg2 Qc4 31. Qg3 Rd8 32. Qg5 Rc8 33. fxe6 1/2-1/2

[Event "II Festival Costa Viola A"]
[Site "Bagnara Calabra ITA"]
[Date "2009.01.05"]
[Round "6"]
[White "Marincolo, Piercarlo"]
[Black "Blasco, Domenico"]
[Result "1-0"]
[WhiteElo "1932"]
[BlackElo "2011"]
[PlyCount "99"]
[EventDate "2009.01.02"]

1. e4 g6 2. d4 Bg7 3. Nc3 d6 4. Be3 a6 5. Qd2 b5 6. f3 Nd7 7. h4 h5 8. Nh3 Bb7
9. Be2 c5 10. Ng5 Rc8 11. a3 Ngf6 12. O-O O-O 13. Rfd1 Qc7 14. Bf1 Nb6 15. Qf2
b4 16. Na2 bxa3 17. bxa3 Nfd7 18. c3 e5 19. d5 Nf6 20. Rab1 Rb8 21. Qc2 Bc8 22.
Rb2 Bd7 23. Rdb1 a5 24. Bb5 Bxb5 25. Rxb5 Nc4 26. Bc1 Rxb5 27. Rxb5 Nb6 28. c4
Rb8 29. a4 Nh7 30. Bd2 Nxg5 31. hxg5 Qe7 32. Qb3 Qa7 33. Bxa5 Nd7 34. Rxb8+
Nxb8 35. Qb5 Na6 36. Bd8 Nb4 37. Nc3 Bf8 38. a5 Kg7 39. Qb6 Qa6 40. Nb5 h4 41.
Qxa6 Nxa6 42. Nc7 Nb4 43. a6 Nxa6 44. Nxa6 f5 45. gxf6+ Kf7 46. Nb8 Ke8 47. Be7
Bxe7 48. fxe7 Kxe7 49. Nc6+ Kf6 50. Kf2 1-0

[Event "II Festival Costa Viola A"]
[Site "Bagnara Calabra ITA"]
[Date "2009.01.05"]
[Round "6"]
[White "Piccoli, Vincenzo"]
[Black "Naumkin, Igor"]
[Result "0-1"]
[WhiteElo "2009"]
[BlackElo "2501"]
[PlyCount "82"]
[EventDate "2009.01.02"]

1. e4 e6 2. d4 d5 3. Nc3 Nf6 4. e5 Nfd7 5. Nf3 c5 6. dxc5 Nc6 7. Bf4 Bxc5 8.
Bd3 f6 9. exf6 Nxf6 10. O-O O-O 11. Bg3 a6 12. Re1 b5 13. Ne5 Nxe5 14. Rxe5 b4
15. Na4 Ba7 16. c3 bxc3 17. Nxc3 Bb8 18. Re2 Bxg3 19. hxg3 Ng4 20. Qc2 h6 21.
Qa4 Qg5 22. f3 Ne5 23. f4 Qxg3 24. Rxe5 Qxd3 25. Rd1 Qg3 26. Ne2 Qh4 27. b3 Ra7
28. f5 Qxa4 29. bxa4 Rxf5 30. Rxf5 exf5 31. Rxd5 Be6 32. Rd8+ Kf7 33. Nd4 Rd7
34. Nxe6 Kxe6 35. Re8+ Kf7 36. Rb8 Rd4 37. Rb7+ Kg8 38. Rb8+ Kh7 39. Rf8 Kg6
40. a5 Ra4 41. Rb8 Rxa5 0-1

[Event "II Festival Costa Viola A"]
[Site "Bagnara Calabra ITA"]
[Date "2009.01.05"]
[Round "6"]
[White "Rametta, Marcello"]
[Black "Napoli, Nicolo'"]
[Result "0-1"]
[WhiteElo "1717"]
[BlackElo "2313"]
[PlyCount "42"]
[EventDate "2009.01.02"]

1. e4 e5 2. Bc4 Nf6 3. d3 c6 4. Bg5 d5 5. exd5 cxd5 6. Bb5+ Nc6 7. c3 Bc5 8.
Ne2 Bxf2+ 9. Kd2 Ne4+ 10. dxe4 Qxg5+ 11. Kc2 O-O 12. exd5 Qg6+ 13. Bd3 e4 14.
Bc4 Ne5 15. b3 e3+ 16. Kb2 Bg4 17. Na3 Qh5 18. Qd4 Bxe2 19. Bxe2 Qxe2+ 20. Nc2
Nd3+ 21. Kb1 Be1 0-1

[Event "II Festival Costa Viola A"]
[Site "Bagnara Calabra ITA"]
[Date "2009.01.05"]
[Round "6"]
[White "Rusev, Krasimir"]
[Black "Collutiis, Duilio"]
[Result "0-1"]
[WhiteElo "2546"]
[BlackElo "2443"]
[PlyCount "90"]
[EventDate "2009.01.02"]

1. d4 Nf6 2. c4 c5 3. d5 b5 4. cxb5 a6 5. b6 Qxb6 6. Nc3 g6 7. e4 d6 8. Be2 Bg7
9. Nf3 O-O 10. Nd2 Nbd7 11. O-O Ne8 12. Nc4 Qd8 13. a4 Rb8 14. Bg5 Ne5 15. Qd2
Nxc4 16. Bxc4 Nf6 17. b3 Ng4 18. Rab1 h6 19. Bf4 g5 20. Bg3 Qa5 21. Rbc1 Ne5
22. f4 gxf4 23. Bxf4 Kh7 24. Bxe5 Bxe5 25. Qd3 f6 26. Nb1 Rg8 27. Rc2 Qd8 28.
Nd2 Qe8 29. Nf3 Qh5 30. a5 Kh8 31. Nxe5 Qxe5 32. Re2 Rg5 33. Re3 Rb4 34. Kh1
Kg7 35. Rfe1 Bd7 36. Bxa6 Qb2 37. Rg3 Qa2 38. h4 Rg4 39. Qe3 Qxa5 40. Be2 Rbxe4
41. Bxg4 Qxe1+ 42. Qxe1 Rxe1+ 43. Kh2 Bxg4 44. Rxg4+ Kf7 45. b4 Rd1 0-1

[Event "II Festival Costa Viola A"]
[Site "Bagnara Calabra ITA"]
[Date "2009.01.05"]
[Round "6"]
[White "Serratore, Vincenzo"]
[Black "Rotunno, Giuseppe"]
[Result "0-1"]
[WhiteElo "1902"]
[BlackElo "1949"]
[PlyCount "92"]
[EventDate "2009.01.02"]

1. d4 d5 2. Nf3 c6 3. e3 Nf6 4. Bd3 e6 5. Nbd2 Nbd7 6. Qe2 Be7 7. O-O O-O 8. b3
b6 9. Ne5 Bb7 10. f4 c5 11. c3 Ne4 12. Nxe4 dxe4 13. Ba6 Qc7 14. Bxb7 Qxb7 15.
Ng4 f5 16. Nf2 Rac8 17. Ba3 Nf6 18. Bb2 b5 19. Rac1 c4 20. b4 a5 21. a3 Rc6 22.
g4 Ra8 23. gxf5 exf5 24. Rc2 Nd5 25. Nd1 axb4 26. axb4 Ra2 27. Kh1 Qa8 28. Rg1
g6 29. Qh5 Kh8 30. Qh3 Bxb4 31. cxb4 c3 32. Nxc3 Rxc3 33. Rxc3 Rxb2 34. Rc5
Rxb4 35. Rgc1 Rc4 36. Qg3 Rxc1+ 37. Rxc1 b4 38. Qf2 Qa3 39. Qc2 Qxe3 40. Rf1
Qxd4 41. Qc8+ Kg7 42. Qd7+ Kh6 43. Qd8 e3 44. Qf8+ Kh5 45. Qe8 Nxf4 46. Qe7
Qd5+ 0-1

[Event "II Festival Costa Viola A"]
[Site "Bagnara Calabra ITA"]
[Date "2009.01.05"]
[Round "6"]
[White "Valotta, Massimiliano"]
[Black "Cordi', Domenico"]
[Result "0-1"]
[WhiteElo "1889"]
[BlackElo "2052"]
[PlyCount "64"]
[EventDate "2009.01.02"]

1. e4 c5 2. Nf3 e6 3. c4 Nc6 4. d4 cxd4 5. Nxd4 Nf6 6. f3 a6 7. Nb3 d5 8. exd5
exd5 9. Be3 Bb4+ 10. Kf2 O-O 11. a3 d4 12. Bg5 Ng4+ 13. fxg4 Qxg5 14. Be2 Qe3+
15. Kf1 Be7 16. h4 Qf4+ 17. Kg1 Rd8 18. Qd2 Qd6 19. Rh3 Ne5 20. Qf4 d3 21. Bd1
Nxg4 22. Qxd6 Rxd6 23. c5 Rd8 24. Nc3 Be6 25. Bxg4 Bxg4 26. Re3 Be6 27. g3 Bf8
28. Rxe6 fxe6 29. Ne4 Rac8 30. Rc1 Rd7 31. Rc3 e5 32. Nbd2 Rc6 0-1

[Event "II Festival Costa Viola A"]
[Site "Bagnara Calabra ITA"]
[Date "2009.01.06"]
[Round "7"]
[White "Blasco, Domenico"]
[Black "Piccoli, Vincenzo"]
[Result "0-1"]
[WhiteElo "2011"]
[BlackElo "2009"]
[PlyCount "68"]
[EventDate "2009.01.02"]

1. d4 Nf6 2. Nf3 b6 3. e3 Bb7 4. Nbd2 e6 5. Bd3 c5 6. O-O Be7 7. c3 O-O 8. Qe2
Nc6 9. a3 Rc8 10. Re1 d6 11. e4 cxd4 12. cxd4 Re8 13. b4 Rc7 14. Bb2 Qa8 15.
Ng5 Nd7 16. Qh5 Bxg5 17. Qxg5 Qd8 18. Qg3 e5 19. Nc4 Re6 20. dxe5 dxe5 21. Rad1
Rg6 22. Qe3 Qe7 23. Be2 Nf8 24. b5 Nd4 25. Bxd4 exd4 26. Rxd4 f5 27. f3 fxe4
28. fxe4 Ne6 29. Rd2 Ng5 30. Bd3 Rd7 31. e5 Nf3+ 32. Kh1 Qh4 33. g3 Rxd3 34.
Qxd3 Nxe1+ 0-1

[Event "II Festival Costa Viola A"]
[Site "Bagnara Calabra ITA"]
[Date "2009.01.06"]
[Round "7"]
[White "Cordi', Domenico"]
[Black "Serratore, Vincenzo"]
[Result "1-0"]
[WhiteElo "2052"]
[BlackElo "1902"]
[PlyCount "42"]
[EventDate "2009.01.02"]

1. d4 d5 2. c4 e5 3. dxe5 d4 4. Nf3 Nc6 5. g3 Bg4 6. Bg2 Qd7 7. a3 Rd8 8. Nbd2
Bh3 9. O-O Bxg2 10. Kxg2 Nge7 11. Qc2 Ng6 12. Qe4 Qe6 13. b4 Ngxe5 14. Nxe5 f5
15. Qf3 Qxe5 16. Bb2 Qe6 17. e3 d3 18. Rfe1 Kd7 19. e4 fxe4 20. Nxe4 Ne5 21.
Bxe5 Qxe5 1-0

[Event "II Festival Costa Viola A"]
[Site "Bagnara Calabra ITA"]
[Date "2009.01.06"]
[Round "7"]
[White "Georgiev, Vladimir"]
[Black "Marincolo, Piercarlo"]
[Result "1-0"]
[WhiteElo "2523"]
[BlackElo "1932"]
[PlyCount "59"]
[EventDate "2009.01.02"]

1. d4 d5 2. c4 c6 3. Nf3 Nf6 4. Qb3 e6 5. Bg5 Be7 6. e3 Nbd7 7. Nc3 Qb6 8. Qc2
O-O 9. Bd3 Re8 10. O-O h6 11. Bh4 a6 12. c5 Qd8 13. b4 Nh5 14. Bxe7 Qxe7 15.
Ne5 f5 16. f4 Nhf6 17. h3 Ne4 18. Bxe4 dxe4 19. a4 Nxe5 20. dxe5 Bd7 21. Rfd1
Red8 22. Rd6 Be8 23. Rad1 a5 24. Qb3 Kf7 25. Ne2 axb4 26. Nd4 Rxd6 27. exd6 Qf6
28. Qxb4 Rb8 29. a5 Qd8 30. Rb1 1-0

[Event "II Festival Costa Viola A"]
[Site "Bagnara Calabra ITA"]
[Date "2009.01.06"]
[Round "7"]
[White "Napoli, Nicolo'"]
[Black "Rusev, Krasimir"]
[Result "1-0"]
[WhiteElo "2313"]
[BlackElo "2546"]
[PlyCount "65"]
[EventDate "2009.01.02"]

1. d4 d5 2. Nc3 Nf6 3. Bg5 Nbd7 4. e3 e6 5. f4 Be7 6. Nf3 c5 7. Bb5 a6 8. Bxd7+
Bxd7 9. O-O O-O 10. Ne5 Rc8 11. Rf3 Ne8 12. Rh3 f6 13. Qh5 h6 14. Bxh6 fxe5 15.
Bxg7 Nxg7 16. Qh7+ Kf7 17. Rg3 Ke8 18. Rxg7 Bb5 19. dxe5 Bc6 20. Rd1 Rc7 21.
Ne4 Qb8 22. Qg6+ Kd8 23. Qxe6 Rd7 24. Nf6 Bxf6 25. Rxd7+ Bxd7 26. Rxd5 Qc7 27.
exf6 Kc8 28. Qe7 Re8 29. Rxc5 Rxe7 30. Rxc7+ Kxc7 31. fxe7 Kd6 32. e4 Kxe7 33.
Kf2 1-0

[Event "II Festival Costa Viola A"]
[Site "Bagnara Calabra ITA"]
[Date "2009.01.06"]
[Round "7"]
[White "Naumkin, Igor"]
[Black "Collutiis, Duilio"]
[Result "1/2-1/2"]
[WhiteElo "2501"]
[BlackElo "2443"]
[PlyCount "44"]
[EventDate "2009.01.02"]

1. d4 Nf6 2. Nf3 g6 3. c4 c5 4. d5 b5 5. cxb5 a6 6. bxa6 d6 7. Nc3 Bxa6 8. e4
Bxf1 9. Kxf1 Bg7 10. g3 O-O 11. Kg2 Nbd7 12. Re1 Ra6 13. Bg5 h6 14. Bxf6 Bxf6
15. Qd2 Bg7 16. Rac1 Qa8 17. Re2 Kh7 18. b3 Rb6 19. Nd1 Rb7 20. Qd3 Qa3 21.
Rcc2 Ne5 22. Nxe5 Bxe5 1/2-1/2

[Event "II Festival Costa Viola A"]
[Site "Bagnara Calabra ITA"]
[Date "2009.01.06"]
[Round "7"]
[White "Rametta, Marcello"]
[Black "Valotta, Massimiliano"]
[Result "0-1"]
[WhiteElo "1717"]
[BlackElo "1889"]
[PlyCount "82"]
[EventDate "2009.01.02"]

1. e4 e5 2. Nf3 Nf6 3. d3 Nc6 4. c3 d5 5. exd5 Qxd5 6. Be2 Bf5 7. Nh4 Bg6 8.
Nxg6 hxg6 9. Bf3 e4 10. dxe4 Qxd1+ 11. Kxd1 O-O-O+ 12. Ke2 Ne5 13. Be3 Nfg4 14.
Bxg4+ Nxg4 15. h3 Bd6 16. Nd2 Nxe3 17. fxe3 Rhe8 18. Rad1 Bc5 19. b4 Bb6 20.
Kf3 Rd3 21. Nc4 Rxc3 22. Nxb6+ axb6 23. Rhe1 Rc2 24. a3 Rc3 25. Ra1 Rc4 26. e5
Rxe5 27. Rac1 Rce4 28. Rc3 f5 29. Rec1 c6 30. g3 Kc7 31. Kf2 g5 32. Kf3 Rd5 33.
g4 g6 34. Kg3 Rd2 35. Rf1 Rd5 36. Rfc1 Kd6 37. Kf3 Ke5 38. Kg3 Rd2 39. Rf1 f4+
40. exf4+ gxf4+ 41. Kh4 Kf6 0-1

[Event "II Festival Costa Viola A"]
[Site "Bagnara Calabra ITA"]
[Date "2009.01.06"]
[Round "7"]
[White "Rotunno, Giuseppe"]
[Black "Marholev, Dimitar"]
[Result "0-1"]
[WhiteElo "1949"]
[BlackElo "2449"]
[PlyCount "70"]
[EventDate "2009.01.02"]

1. d4 Nf6 2. c4 g6 3. b3 Bg7 4. Bb2 O-O 5. e3 d6 6. Nf3 Nbd7 7. Bd3 e5 8. Be2
Re8 9. O-O e4 10. Nfd2 h5 11. Nc3 Nf8 12. Qc2 Bf5 13. Rfd1 c6 14. c5 d5 15. b4
Ne6 16. b5 Qc7 17. Na4 Bg4 18. Nf1 Ng5 19. b6 Qd7 20. bxa7 Rxa7 21. Nb6 Qe6 22.
Bxg4 hxg4 23. a4 Kh7 24. a5 Rh8 25. a6 bxa6 26. Qe2 Nf3+ 27. Kh1 g5 28. Rxa6
Rxa6 29. Qxa6 Kg6 30. Qb7 Nxh2 31. Nxh2 g3 32. fxg3 Qg4 33. Rc1 Qxg3 34. Kg1
Rxh2 35. Rc2 Qh4 0-1

[Event "II Festival Costa Viola B"]
[Site "Bagnara Calabra ITA"]
[Date "2009.01.02"]
[Round "1"]
[White "Alo', Lucio"]
[Black "Ielapi, Gianbattista"]
[Result "0-1"]
[WhiteElo "1442"]
[BlackElo "1752"]
[PlyCount "56"]
[EventDate "2009.01.02"]

1. Nf3 Nf6 2. d4 d6 3. Bf4 g6 4. Nc3 Bg7 5. e3 O-O 6. Bc4 Nbd7 7. O-O a6 8. e4
e5 9. dxe5 dxe5 10. Bxe5 Nxe5 11. Nxe5 Nxe4 12. Nxe4 Bxe5 13. Qc1 Bf5 14. Nc5
Qd4 15. Nd3 Bxh2+ 16. Kxh2 Qxc4 17. Nf4 Rfe8 18. c3 Rad8 19. Nh3 Re2 20. Qh6
Bxh3 21. Qxh3 Qf4+ 22. Kg1 Rxb2 23. Rad1 Rbd2 24. Rxd2 Qxd2 25. Qh4 Re8 26. Qb4
Qd5 27. Qa3 Re4 28. Qb3 Qxb3 0-1

[Event "II Festival Costa Viola B"]
[Site "Bagnara Calabra ITA"]
[Date "2009.01.02"]
[Round "1"]
[White "Altomonte, Giuseppe"]
[Black "Mercuri, Delia"]
[Result "1-0"]
[WhiteElo "1743"]
[BlackElo "1442"]
[PlyCount "79"]
[EventDate "2009.01.02"]

1. d4 d5 2. c4 e6 3. Nc3 Nf6 4. Bg5 Be7 5. e3 c6 6. Bd3 Nbd7 7. Nf3 O-O 8. O-O
h6 9. Bh4 Nh5 10. Bxe7 Qxe7 11. Ne5 Nhf6 12. f4 c5 13. Qe2 a6 14. a4 Nh7 15.
cxd5 Nxe5 16. dxe5 exd5 17. Nxd5 Qd8 18. Rad1 Qa5 19. Qc2 f5 20. Ne7+ Kh8 21.
Ng6+ Kg8 22. Qc4+ Rf7 23. Nh8 Qc7 24. Nxf7 Qxf7 25. Qxf7+ Kxf7 26. Bc4+ Ke7 27.
a5 g5 28. Rd5 Bd7 29. Rfd1 Nf8 30. Rxc5 Bc6 31. Ba2 gxf4 32. exf4 h5 33. Rd6 h4
34. Rc3 Nd7 35. Bb1 Rg8 36. g3 hxg3 37. Rxg3 Rf8 38. Rg7+ Ke8 39. e6 Rf6 40.
exd7+ 1-0

[Event "II Festival Costa Viola B"]
[Site "Bagnara Calabra ITA"]
[Date "2009.01.02"]
[Round "1"]
[White "Caporale, Giuseppe Guido"]
[Black "Pallonetto, Cristofaro"]
[Result "1-0"]
[WhiteElo "1815"]
[BlackElo "1473"]
[PlyCount "85"]
[EventDate "2009.01.02"]

1. e4 e5 2. Nf3 Nc6 3. Bc4 Be7 4. O-O Nf6 5. Re1 a6 6. c3 b5 7. Bd5 Bb7 8. d3
O-O 9. Bxc6 Bxc6 10. Nxe5 Bb7 11. Ng4 Nxg4 12. Qxg4 d6 13. Be3 f6 14. Nd2 Bc8
15. Qg3 Rf7 16. f4 f5 17. Qf3 Bb7 18. Qe2 Qd7 19. Rf1 Raf8 20. g3 c5 21. Bf2
Rf6 22. Rae1 Qc6 23. Qf3 Qc8 24. Qd1 Kh8 25. Re3 Bd8 26. Nf3 Rg6 27. e5 Bxf3
28. Qxf3 dxe5 29. Rxe5 Bb6 30. Rfe1 Rgf6 31. Rd5 Rd8 32. Ree5 Rfd6 33. Rxf5
Rxd5 34. Rxd5 Re8 35. Re5 Rf8 36. Qe4 Rd8 37. Re6 Ba7 38. f5 Qd7 39. Re7 Qc8
40. Rxa7 Re8 41. Re7 Rf8 42. f6 Kg8 43. Rxg7+ 1-0

[Event "II Festival Costa Viola B"]
[Site "Bagnara Calabra ITA"]
[Date "2009.01.02"]
[Round "1"]
[White "Fico, Tommaso"]
[Black "Scerra, Ezio"]
[Result "1-0"]
[WhiteElo "1583"]
[BlackElo "1350"]
[PlyCount "109"]
[EventDate "2009.01.02"]

1. e4 Nc6 2. Nf3 g6 3. d4 e6 4. Bd3 Bg7 5. Be3 Nge7 6. O-O O-O 7. Nc3 a6 8. Qd2
d5 9. Bh6 Nxd4 10. Nxd4 dxe4 11. Bxg7 Kxg7 12. Bxe4 e5 13. Nf3 Qxd2 14. Nxd2 c6
15. Rad1 f5 16. Bd3 b5 17. Rfe1 e4 18. Bf1 Nd5 19. Nxd5 cxd5 20. Nb3 Be6 21.
Nd4 Bf7 22. c3 Rfc8 23. f3 Kf6 24. fxe4 fxe4 25. g3 h5 26. Bh3 Re8 27. Kf2 g5
28. Ke3 g4 29. Bg2 Rac8 30. Rf1+ Kg6 31. Rf4 Re7 32. Rdf1 Rcc7 33. Rf6+ Kh7 34.
Rxa6 Be8 35. a3 Rf7 36. Raf6 Rxf6 37. Rxf6 b4 38. axb4 Ra7 39. Rf1 Ra2 40. Rf2
Kg6 41. b5 Bd7 42. Nc6 Bxc6 43. bxc6 Ra6 44. Kd4 Rxc6 45. Kxd5 Rc8 46. Bxe4+
Kh6 47. b4 Rxc3 48. Rb2 h4 49. gxh4 Kh5 50. b5 Kxh4 51. b6 Rc8 52. b7 Rb8 53.
Kc6 Kh3 54. Kc7 Rxb7+ 55. Bxb7 1-0

[Event "II Festival Costa Viola B"]
[Site "Bagnara Calabra ITA"]
[Date "2009.01.02"]
[Round "1"]
[White "Ielapi, Vito"]
[Black "Vallone, Rosario"]
[Result "1-0"]
[WhiteElo "1884"]
[BlackElo "1524"]
[PlyCount "85"]
[EventDate "2009.01.02"]

1. d4 Nf6 2. Nf3 d6 3. e3 g6 4. Bd3 Bg7 5. O-O Nbd7 6. Nbd2 O-O 7. c3 e5 8. Rb1
Qe7 9. e4 a5 10. b3 c5 11. Bb2 b6 12. Re1 Ba6 13. Qe2 Bxd3 14. Qxd3 Nh5 15.
dxe5 dxe5 16. g3 Rad8 17. Qe2 Qe6 18. Nf1 h6 19. Ne3 f5 20. exf5 gxf5 21. Nh4
Ndf6 22. Nexf5 Rfe8 23. c4 e4 24. Nxg7 Nxg7 25. Rbd1 Rc8 26. Rd2 Rc6 27. Red1
e3 28. Rd8 exf2+ 29. Qxf2 Ng4 30. Qf3 Rxd8 31. Rxd8+ Ne8 32. Rxe8+ Qxe8 33.
Qxg4+ Kf7 34. Qg7+ Ke6 35. Ng6 Rd6 36. Qe5+ Kd7 37. Qf5+ Kc6 38. Ne5+ Kb7 39.
Bc3 Re6 40. Kg2 Qe7 41. Qf3+ Kc7 42. Bd2 Rf6 43. Bf4 1-0

[Event "II Festival Costa Viola B"]
[Site "Bagnara Calabra ITA"]
[Date "2009.01.02"]
[Round "1"]
[White "Lanza, Giuseppe"]
[Black "Tricomi, Massimo"]
[Result "0-1"]
[WhiteElo "1521"]
[BlackElo "1874"]
[PlyCount "136"]
[EventDate "2009.01.02"]

1. f4 d5 2. Nf3 Nf6 3. e3 e6 4. b3 g6 5. Bb2 Bg7 6. Be2 O-O 7. O-O c5 8. d3 Ng4
9. Bxg7 Kxg7 10. Qd2 Qf6 11. Nc3 Nxe3 12. Qxe3 Qxc3 13. h4 Nc6 14. a3 Nd4 15.
Nxd4 Qxd4 16. Qxd4+ cxd4 17. Bf3 Bd7 18. g4 Rac8 19. Rf2 Rc3 20. Kg2 Rfc8 21.
Ra2 f5 22. g5 h6 23. Re2 Re8 24. b4 hxg5 25. hxg5 Kf7 26. a4 a6 27. Ra1 Rcc8
28. Kg3 Rc6 29. a5 b6 30. Kf2 bxa5 31. bxa5 Rc5 32. Bg2 Rec8 33. Ra2 Rb5 34.
Re1 Rcb8 35. Ke2 Rb2 36. Rea1 Ke7 37. Kd2 Kd6 38. Kc1 Rxa2 39. Rxa2 Rb5 40. Bf3
Kc5 41. Ra1 Kb4 42. Kb2 Rxa5 43. Rxa5 Kxa5 44. c4 dxc4 45. dxc4 Kb4 46. Be2 Bc6
47. Kc2 a5 48. Kd3 Kc5 49. Kc2 Be4+ 50. Kd2 d3 51. Bd1 Kxc4 52. Ba4 Bf3 53. Be8
Bh5 54. Bd7 Kd4 55. Bxe6 Ke4 56. Bf7 a4 57. Bc4 Kxf4 58. Kxd3 Bd1 59. Kd2 Bb3
60. Be2 Kxg5 61. Kc3 Kf4 62. Bb5 g5 63. Bc6 g4 64. Kd3 a3 65. Kc3 a2 66. Kb2
Be6 67. Bb7 Ke3 68. Bc6 Kf2 0-1

[Event "II Festival Costa Viola B"]
[Site "Bagnara Calabra ITA"]
[Date "2009.01.02"]
[Round "1"]
[White "Licari, Carmelo"]
[Black "Carrozza, Gregorio"]
[Result "0-1"]
[WhiteElo "1395"]
[BlackElo "1595"]
[PlyCount "44"]
[EventDate "2009.01.02"]

1. d4 d5 2. e3 Nf6 3. Nf3 Bf5 4. Nc3 e6 5. Bb5+ Nbd7 6. Nh4 c6 7. Be2 Bg6 8.
Nxg6 fxg6 9. Bg4 Qe7 10. O-O h5 11. Bf3 O-O-O 12. a4 g5 13. Re1 g4 14. Be2 Qf7
15. a5 Bd6 16. Bd3 h4 17. e4 dxe4 18. Nxe4 Nxe4 19. Bxe4 g3 20. fxg3 hxg3 21.
h3 Qf2+ 22. Kh1 Rxh3+ 0-1

[Event "II Festival Costa Viola B"]
[Site "Bagnara Calabra ITA"]
[Date "2009.01.02"]
[Round "1"]
[White "Musico', Guglielmo"]
[Black "Della Rocca, Giorgio"]
[Result "0-1"]
[WhiteElo "1578"]
[BlackElo "1893"]
[PlyCount "62"]
[EventDate "2009.01.02"]

1. d4 Nf6 2. c4 g6 3. Nc3 Bg7 4. e4 d6 5. Nf3 O-O 6. Be2 e5 7. O-O Nc6 8. d5
Ne7 9. b4 Nd7 10. Rb1 f5 11. Ng5 Nf6 12. f3 h6 13. c5 hxg5 14. Bxg5 f4 15. g4
Nh7 16. Bh4 Bf6 17. Bf2 Kg7 18. h4 Ng8 19. g5 Bxg5 20. Kg2 Bxh4 21. Rh1 Qg5+
22. Kf1 Bxf2 23. Kxf2 Qg3+ 24. Kf1 Ng5 25. Qe1 Bh3+ 26. Rxh3 Qxh3+ 27. Kg1
Nxf3+ 28. Bxf3 Qxf3 29. Nb5 Nf6 30. Rb3 Qg4+ 31. Kf1 Rh8 0-1

[Event "II Festival Costa Viola B"]
[Site "Bagnara Calabra ITA"]
[Date "2009.01.02"]
[Round "1"]
[White "Olivo, Paolo"]
[Black "Attina', Rodolfo"]
[Result "1-0"]
[WhiteElo "1607"]
[BlackElo "1398"]
[PlyCount "87"]
[EventDate "2009.01.02"]

1. e4 e5 2. Nf3 Nc6 3. Bc4 Be7 4. c3 a6 5. d4 d6 6. h3 Bf6 7. a4 Na5 8. Ba2 Bd7
9. d5 b5 10. b4 Nb7 11. a5 c6 12. c4 c5 13. cxb5 Bxb5 14. Nc3 Qd7 15. Nxb5 Qxb5
16. Rb1 Qd7 17. Bb3 Ke7 18. Ba4 Qc7 19. Bc6 Rb8 20. Bd2 cxb4 21. Rxb4 Nc5 22.
Rxb8 Qxb8 23. Qc2 Nh6 24. O-O Rd8 25. Nh2 Kf8 26. g4 Be7 27. f4 Qa7 28. Be3
exf4 29. Bxc5 dxc5 30. Rxf4 c4+ 31. Kg2 Qd4 32. Rf2 Rb8 33. Nf3 Qe5 34. Nxe5
Rd8 35. Nd7+ Rxd7 36. Bxd7 Bg5 37. Qb2 g6 38. Qh8+ Ke7 39. Qe8+ Kd6 40. e5+
Kxd5 41. e6 Bh4 42. Rd2+ Ke5 43. exf7+ Be7 44. f8=Q 1-0

[Event "II Festival Costa Viola B"]
[Site "Bagnara Calabra ITA"]
[Date "2009.01.02"]
[Round "1"]
[White "Pirrotta, Domenico"]
[Black "Arcidiaco, Francesco"]
[Result "0-1"]
[WhiteElo "1359"]
[BlackElo "1593"]
[PlyCount "82"]
[EventDate "2009.01.02"]

1. e4 c6 2. Nc3 g6 3. b3 Bg7 4. Bb2 e6 5. Nf3 d6 6. d4 Ne7 7. Qd2 O-O 8. O-O-O
f5 9. e5 d5 10. g3 Nd7 11. Ba3 b5 12. Qg5 Re8 13. Bd6 a5 14. a4 b4 15. Ne2 Nb6
16. c3 bxc3 17. Nxc3 Qd7 18. Bd3 Kh8 19. h4 Ng8 20. Bc5 Bh6 21. Bxb6 Bxg5+ 22.
hxg5 Ne7 23. Rh4 Kg7 24. Rdh1 Rh8 25. g4 Ba6 26. Rd1 Bxd3 27. Rxd3 fxg4 28.
Rxg4 Nf5 29. Rf4 Qb7 30. Nh4 Qxb6 31. Nxf5+ gxf5 32. Ne2 Rab8 33. Rh4 c5 34.
Rh6 c4 35. Rdh3 cxb3 36. g6 hxg6 37. Rxh8 Rxh8 38. Rxh8 Kxh8 39. Kb2 g5 40. f4
g4 41. Kc3 b2 0-1